Cuándo y cómo recurrir a la penitenciaría apostólica
Gespeichert in:
| 1. Verfasser: | |
|---|---|
| Format: | Buch |
| Sprache: | Spanisch |
| Veröffentlicht: |
Ciudad del Vaticano
Librería Editrice Vaticana
2012
|
| Ausgabe: | 1a. ed |
| Schlagworte: | |
| Tags: |
Tag hinzufügen
Keine Tags, Fügen Sie den ersten Tag hinzu!
|
MARC
| LEADER | 00000cam a2200000 a 4500 | ||
|---|---|---|---|
| 001 | UCC6858 | ||
| 003 | CL-VaPUC | ||
| 008 | 190118e20120000vc |||||||||||||||||spa|d | ||
| 020 | |a 9788820989200 | ||
| 082 | 0 | 4 | |a 234.166 |b ENC |2 21 |
| 100 | 0 | |a Encina Commentz, Carlos |e author |9 601384 | |
| 245 | 1 | 0 | |a Cuándo y cómo recurrir a la penitenciaría apostólica |
| 250 | |a 1a. ed | ||
| 300 | |a 45 p | ||
| 942 | |c BK | ||
| 945 | |d 20190118 13:18:00 |a dcastane | ||
| 260 | |a Ciudad del Vaticano |b Librería Editrice Vaticana |c 2012 | ||
| 650 | 0 | |a Penitencia |9 366153 | |
| 650 | 0 | |a Ritos sagrados |9 389594 | |
| 650 | 0 | |a Sacramentos |9 257270 | |
| 583 | |a last modification |c 20190118 13:18:00 |k Rodrigo Vera | ||
| 999 | |c 373708 |d 373706 | ||
| 952 | |0 0 |1 0 |3 erb |4 0 |6 234_166000000000000_ENC_2012 |7 0 |8 A |9 491921 |a BIBTEO |b BIBTEO |i 5529182 |o 234.166 ENC 2012 |p 5529182 |r 2025-01-17 |w 2019-11-24 |y BK |z Catalogado en:20190118 |k ICR | ||